00446nam a2200181Ia 4500003000400000005001700004008004100021020001500062040000700077041001200084082001700096100001700113245003900130260005200169300001600221365001300237650001400250OSt20260122190038.0210423s2004 xx 000 0 und d a8126119179 cAL aEnglish a540.4b AROC aKishor Arora aComputer applications in chemistry aNew DelhibAffiliated East West Press Ltdc2004 ax,305p.bPB b190cINR aChemistry